00480nam a22000977a 4500040002300000082002800023100003400051245024600085260002600331300002500357 cVONG PHANNITH, RUA aMGR CHI 2025 B707 Or.1 aCHIM, PHA / ជីម ផា aStudy on different application pf calcium on the growth of melon (Cucumis melo L.), សិក្សាកម្រិត​កាល់ស្យូម លើការលូតលាស់នៃដំណាំត្រសក់ផ្អែម aPHNOM PENHbRUAc2025 aix,37p.bill.c29cm.